MARC

LEADER 00000nam0a2200000 4500
001 253590
005 20231101232846.0
035 |a (RuTPU)RU\TPU\book\275987 
090 |a 253590 
100 |a 20140314d1954 km y0rusy50 ca 
101 0 |a rus 
102 |a RU 
105 |a a o 001zy 
200 1 |a Таблицы полиномов Якоби  |f Л. Н. Кармазина  |g Академия наук СССР (АН СССР), Институт точной механики и вычислительной техники им. С. А. Лебедева (ИТМиВТ) ; отв. ред. В. А. Диткин 
210 |a Москва  |c Изд-во Академии наук СССР  |d 1954 
215 |a 250 с.  |c ил. 
225 1 |a Математические таблицы 
320 |a Библиогр.: с. 12. 
606 1 |a Полиномы  |2 stltpush  |3 (RuTPU)RU\TPU\subj\65624  |9 82114 
610 1 |a таблицы 
610 1 |a интерполяция 
610 1 |a чертежи 
610 1 |a коэффициенты 
610 1 |a корни 
610 1 |a значения 
675 |a 512.62  |v 3 
700 1 |a Кармазина  |b Л. Н. 
702 1 |a Диткин  |b В. А.  |4 340 
712 0 2 |a Академия наук СССР (АН СССР)  |b Институт точной механики и вычислительной техники им. С. А. Лебедева (ИТМиВТ)  |2 stltpush  |3 (RuTPU)RU\TPU\col\19406 
801 1 |a RU  |b 63413507  |c 20140314 
801 2 |a RU  |b 63413507  |c 20140317  |g RCR 
942 |c BK